000 01701cam a2200133 4500500
005 20260405052139.0
041 _afre
042 _adc
100 1 0 _aBalandier, Georges
_eauthor
245 0 0 _aLe grand dérangement
260 _bPresses Universitaires de France,
_c2005.
520 _aPourquoi ce titre sur une réflexion d’un grand anthropologue ouvert au monde, au tiers-monde ? Cette expression est née du «'temps de l’arrachement» qui casse l’histoire acadienne au XVIIIe siècle quand les Acadiens, enjeu des conflits entre Anglais et Français, refusent de prêter allégeance au nouveau protecteur anglais et partent en Louisiane pour rebâtir unnouveau monde. G. Balandier reprend ce terme et le transpose à ce qui se passe selon lui, dans notre société. Nous sommes devenus des émigrés dans un «vieux monde» qui se délite et nous devons reconstruire un «nouveau monde» défini par des territoires différents qui résultent des transformations continues sous les avancées conjuguées de la science, de l’économie, des applications techniques multiformes. Le «grand dérangement» c’est cette entrée dans un monde encore obscur qui renforce les peurs, ravive les soupçons et redonne une vigueur nouvelle aux ésotérismes. Les «nouveaux mondes»ne s’inscrivent plus dans un espace géographique planétaire mais dans des créations inédites présentant des réalisations différentes de l’humain. Une réflexion originale d’un grand ethnologue qui regarde notre monde et tente «derendre compréhensible l’univers humain».
856 4 1 _uhttps://shs.cairn.info/le-grand-derangement--9782130550990?lang=fr&redirect-ssocas=7080
999 _c2183145
_d2183145